000 00840nam a2200205 a 4500
001 000041639
005 20201002035659.0
008 131014s2002 sp 000 0 spa d
020 _a8400080440
040 _aDO-SdBNP
_bspa
_cBNPHU
082 _axxx
_bB562e
100 1 _aBetancor Gómez, María José
_968428
245 1 0 _aEpidemias y pleito insular :
_bla fiebre amarilla en Las Palmas de Gran Canaria en el período isabelino /
_cMaría José Betancor Gómez.
260 _aMadrid :
_bEdiciones del Cabildo de Gran Canaria, Consejo Superior de Investigaciones Científicas,
_c2002.
300 _aix, 226 p. ;
_c21 cm.
490 1 _aEstudios sobre la ciencia
_v29
500 _aIncluye referencias bibliográficas y notas al pie de las páginas.
504 _aBibliografía: p. 215-226
830 0 _aEstudios sobre la ciencia
_n29
_968429
999 _c41129
_d41129